[Event "Interclubs Adultes"]
[Site "Evry"]
[Date "29.??.??"]
[Round "8.1"]
[White "Bacrot, Etienne"]
[Black "Sargissian, Gabriel"]
[Result "1-0"]
[WhiteElo "2705"]
[BlackElo "2643"]
[PlyCount "125"]
[EventDate "29.??.??"]
[WhiteTeam "Marseille Echecs"]
[BlackTeam "Bischwiller"]

1. e4 e5 2. Nf3 Nc6 3. Bb5 a6 4. Ba4 Nf6 5. O-O Be7 6. Re1 b5 7. Bb3 O-O 8. c3
d5 9. exd5 Nxd5 10. Nxe5 Nxe5 11. Rxe5 c6 12. d3 Bd6 13. Re1 Bf5 14. Qf3 Qh4
15. g3 Qh3 16. Bxd5 cxd5 17. Qxd5 Rad8 18. Qg2 Qxg2+ 19. Kxg2 Bxd3 20. Be3 Be4+
21. f3 Bc6 22. Nd2 Rfe8 23. Bd4 Rxe1 24. Rxe1 f6 25. Nf1 h5 26. Bb6 Re8 27. Ne3
Kf7 28. Kf2 h4 29. Rd1 Bb8 30. Nc2 g5 31. gxh4 gxh4 32. Rd4 Rh8 33. Nb4 Ba8 34.
f4 a5 35. Na6 Ke6 36. Nxb8 Rxb8 37. Bxa5 Rg8 38. Ke3 Rg2 39. Rd2 h3 40. Rxg2
hxg2 41. Kf2 Kf5 42. Bd8 Kxf4 43. Bxf6 Kg4 44. h4 Bc6 45. b3 Bd5 46. Be7 Kh3
47. Kg1 Kg4 48. Bd8 Kh5 49. Kf2 Kg4 50. a4 Bxb3 51. axb5 Bd5 52. Bc7 Kxh4 53.
Bh2 Kg4 54. Ke3 Kf5 55. Kd4 Ke6 56. c4 Bf3 57. Kc5 Be2 58. Kb4 Bd3 59. c5 Kd5
60. Bg1 Bg6 61. Ka5 Be8 62. Ka6 Bd7 63. b6 1-0

[Event "Interclubs Adultes"]
[Site "Evry"]
[Date "29.??.??"]
[Round "8.3"]
[White "Miton, Kamil"]
[Black "Buhmann, Rainer"]
[Result "1/2-1/2"]
[WhiteElo "2620"]
[BlackElo "2569"]
[PlyCount "115"]
[EventDate "29.??.??"]
[WhiteTeam "Marseille Echecs"]
[BlackTeam "Bischwiller"]

1. d4 d5 2. c4 c6 3. Nf3 Nf6 4. e3 a6 5. Bd3 Bg4 6. Nbd2 Nbd7 7. h3 Bh5 8. Qb3
dxc4 9. Nxc4 Bxf3 10. gxf3 Qc7 11. Bd2 c5 12. Ne5 e6 13. Nxd7 Qxd7 14. dxc5
Bxc5 15. Rg1 Rd8 16. Ke2 O-O 17. Rac1 Be7 18. Rgd1 Rc8 19. Bc3 Nd5 20. Be4 Rc5
21. Bxd5 exd5 22. Be5 Rfc8 23. Rxd5 Rxd5 24. Rxc8+ Qxc8 25. Qxd5 Qxh3 26. Qxb7
Qe6 27. Qb8+ Bf8 28. b3 Qc6 29. e4 h5 30. Bg3 Qc3 31. Qd8 g6 32. Qd3 Qb2+ 33.
Qd2 Qf6 34. Qd3 Qb2+ 35. Qd2 Qf6 36. Bf4 Be7 37. Be3 h4 38. Qd7 Bf8 39. Bd4 Qg5
40. Qc8 Qb5+ 41. Qc4 Qa5 42. Qc8 Qxa2+ 43. Kf1 Qxb3 44. Kg2 Qe6 45. Qb8 Qd6 46.
Qa7 Bg7 47. Be3 Qe6 48. Qa8+ Kh7 49. Bf4 Qf6 50. Be3 Bh6 51. e5 Qxe5 52. Bxh6
Kxh6 53. Qxa6 Qg5+ 54. Kh3 Qf5+ 55. Kg2 Qg5+ 56. Kh3 Qf5+ 57. Kg2 Qg5+ 58. Kh3
{...} 1/2-1/2

[Event "Interclubs Adultes"]
[Site "Evry"]
[Date "29.??.??"]
[Round "8.4"]
[White "Heinz, Timothee"]
[Black "Gozzoli, Yannick"]
[Result "1/2-1/2"]
[WhiteElo "2304"]
[BlackElo "2509"]
[PlyCount "130"]
[EventDate "29.??.??"]
[WhiteTeam "Bischwiller"]
[BlackTeam "Marseille Echecs"]

1. d4 Nf6 2. c4 e6 3. Nc3 c5 4. d5 exd5 5. cxd5 d6 6. e4 g6 7. Bd3 Bg7 8. h3
O-O 9. Nf3 a6 10. a4 Nbd7 11. O-O Nh5 12. Bg5 Bf6 13. Bh6 Re8 14. Be2 Rb8 15.
Nd2 Ng7 16. Bf4 Be5 17. Bxe5 Nxe5 18. Rb1 f5 19. f4 Nf7 20. b4 Qf6 21. e5 dxe5
22. bxc5 exf4 23. Rc1 Qd4+ 24. Kh1 Qxc5 25. Rxf4 Bd7 26. Nce4 Qd4 27. Rc4 Qb2
28. Rb4 Qe5 29. Nf3 Qe7 30. d6 Qd8 31. Nc5 Ne6 32. Nxe6 Bxe6 33. Rfd4 Qd7 34.
Rb6 Rec8 35. Qb1 Rc6 36. Bxa6 Rxd6 37. Rbxd6 Nxd6 38. Bf1 Qc7 39. Ng5 Bf7 40.
Nxf7 Nxf7 41. Qb5 Rd8 42. Rxd8+ Nxd8 43. Bc4+ Kg7 44. Qb2+ Kh6 45. Bd5 Qd6 46.
Bxb7 Qd1+ 47. Kh2 Nxb7 48. Qxb7 Qxa4 49. Qb8 Qd4 50. Qf8+ Kh5 51. Qe7 Qf4+ 52.
Kg1 h6 53. Qe8 Qe4 54. Qd8 Qe3+ 55. Kh2 Qf4+ 56. Kg1 g5 57. Qd3 Kh4 58. Kh1 Qe4
59. Qd6 Qf4 60. Qxh6+ Kg3 61. Qb6 Qf1+ 62. Qg1 Qxg1+ 63. Kxg1 f4 64. Kf1 f3 65.
gxf3 Kxf3 1/2-1/2

[Event "Interclubs Adultes"]
[Site "Evry"]
[Date "29.??.??"]
[Round "8.5"]
[White "Marzolo, Cyril"]
[Black "Wagner, Claude"]
[Result "1-0"]
[WhiteElo "2476"]
[BlackElo "2358"]
[PlyCount "197"]
[EventDate "29.??.??"]
[WhiteTeam "Marseille Echecs"]
[BlackTeam "Bischwiller"]

1. d4 d5 2. Nf3 Nf6 3. c4 c6 4. Qc2 g6 5. Bf4 dxc4 6. Qxc4 Bg7 7. e3 O-O 8. Be2
Bf5 9. O-O Nbd7 10. Nc3 Ne4 11. Rfd1 Qb6 12. Nh4 Nxc3 13. bxc3 Be4 14. Nf3 Qa5
15. Qb3 e5 16. Bg3 exd4 17. cxd4 b6 18. Nd2 Bd5 19. Qc2 f5 20. Nc4 Qa6 21. Nd6
Qa3 22. Rd3 Qa5 23. Rc3 f4 24. Bh4 c5 25. Nb5 fxe3 26. fxe3 cxd4 27. exd4 a6
28. Ra3 Qb4 29. Ra4 Be4 30. Rxb4 Bxc2 31. Nc7 a5 32. Rc4 Rac8 33. Rc1 Bf5 34.
g4 Rxc7 35. Rxc7 Bxd4+ 36. Kg2 Be4+ 37. Kh3 Nc5 38. Bg3 Re8 39. Bb5 Rf8 40. Rd1
Bg7 41. Bc4+ Kh8 42. Rf1 Rxf1 43. Bxf1 h5 44. gxh5 Bf5+ 45. Kg2 gxh5 46. Be2
Ne6 47. Rc8+ Kh7 48. Rb8 h4 49. Bxh4 Nf4+ 50. Kf3 Nxe2 51. Kxe2 Be6 52. a3 Bb2
53. Be7 b5 54. Ke3 b4 55. axb4 axb4 56. Bxb4 Bg7 57. Kf4 Bc4 58. Rb6 Bd5 59.
Bc5 Bc4 60. Kg5 Bd3 61. Ba3 Be4 62. Bb2 Bxb2 63. Rxb2 Bd5 64. Rc2 Bb3 65. Rc3
Bd5 66. Rc7+ Kh8 67. Ra7 Be4 68. Kf6 Bd3 69. Ra3 Be4 70. Rc3 Bb1 71. Rh3+ Kg8
72. Kg5 Kg7 73. Rc3 Kh7 74. Ra3 Be4 75. Rc3 Kg7 76. Rc4 Bd5 77. Rc8 Be4 78. Rd8
Bc2 79. h4 Bb1 80. Rd7+ Kh8 81. Rc7 Be4 82. Kf6 Bb1 83. Rc5 Bd3 84. Kg5 Bb1 85.
Kh6 Ba2 86. Rc8+ Bg8 87. Rc7 Ba2 88. Rh7+ Kg8 89. Ra7 Bd5 90. Rd7 Be4 91. Rd8+
Kf7 92. Rd4 Bc2 93. Rg4 Bb1 94. Rg7+ Kf8 95. Rg5 Ke7 96. Kh5 Bd3 97. Kg4 Bc2
98. Kf4 Bb1 99. Re5+ 1-0

[Event "Interclubs Adultes"]
[Site "Evry"]
[Date "29.??.??"]
[Round "8.6"]
[White "Mensch, Etienne"]
[Black "Jedynak, Radoslaw"]
[Result "1/2-1/2"]
[WhiteElo "2324"]
[BlackElo "2515"]
[PlyCount "110"]
[EventDate "29.??.??"]
[WhiteTeam "Bischwiller"]
[BlackTeam "Marseille Echecs"]

1. d4 e6 2. c4 Nf6 3. Nf3 d5 4. Nc3 Be7 5. cxd5 exd5 6. Bg5 O-O 7. e3 c6 8. Qc2
Nbd7 9. Bd3 Re8 10. O-O Nf8 11. Bxf6 Bxf6 12. b4 Bg4 13. Nd2 Rc8 14. Rfe1 Be7
15. Rab1 Bd6 16. Nf1 Qg5 17. Ne2 Bxe2 18. Rxe2 a6 19. a4 h5 20. Qd1 g6 21. Rc2
Qe7 22. Rcb2 Nd7 23. Nd2 Nf6 24. Nf3 Kg7 25. Qb3 Ra8 26. Qc2 Rec8 27. Qd1 Rh8
28. h3 Nd7 29. Qb3 Nb6 30. b5 cxb5 31. axb5 a5 32. Rc2 Rhc8 33. Rbc1 Rxc2 34.
Rxc2 a4 35. Qa2 Qe6 36. Nd2 Rc8 37. Nb1 Rxc2 38. Qxc2 Qe7 39. Nc3 a3 40. Qb3
Qc7 41. Kf1 Be7 42. Ke2 Qh2 43. Nxd5 Nxd5 44. Qxd5 a2 45. Qxa2 Qxg2 46. Ke1
Bb4+ 47. Ke2 Qxh3 48. Qd5 Qg4+ 49. Qf3 Qg1 50. Qe4 Qe1+ 51. Kf3 Qh1+ 52. Ke2
Qc1 53. Kf3 Bd6 54. Kg2 Qc7 55. Qd5 b6 1/2-1/2

[Event "Interclubs Adultes"]
[Site "Evry"]
[Date "29.??.??"]
[Round "8.7"]
[White "Guadalpi, David"]
[Black "Schmitt, Andre"]
[Result "0-1"]
[WhiteElo "2319"]
[BlackElo "2298"]
[PlyCount "76"]
[EventDate "29.??.??"]
[WhiteTeam "Marseille Echecs"]
[BlackTeam "Bischwiller"]

1. d4 Nf6 2. c4 g6 3. Nf3 Bg7 4. g3 d5 5. cxd5 Nxd5 6. Bg2 Nb6 7. Nc3 Nc6 8. e3
O-O 9. O-O Be6 10. Re1 a5 11. Ng5 Bc4 12. Nge4 e5 13. dxe5 Nxe5 14. Nc5 Qe7 15.
Nxb7 c6 16. f4 Nd3 17. Bxc6 Nxe1 18. Qxe1 Rfc8 19. Bg2 Ra7 20. Bd2 Rxb7 21.
Bxb7 Qxb7 22. Rc1 a4 23. e4 Bxc3 24. Bxc3 Bxa2 25. Qe3 Nd7 26. Rd1 Qb6 27. Bd4
Qe6 28. Bc3 f6 29. Rd4 Rc4 30. Kg2 Rxd4 31. Qxd4 Bb3 32. h3 Kf7 33. g4 h6 34.
Kg3 g5 35. e5 fxe5 36. fxe5 Nf8 37. h4 gxh4+ 38. Kxh4 Nh7 {suite illisible} 0-1

[Event "Interclubs Adultes"]
[Site "Evry"]
[Date "29.??.??"]
[Round "8.8"]
[White "Lallemand, Roza"]
[Black "Delorme, Laurie"]
[Result "1-0"]
[WhiteElo "2259"]
[BlackElo "2140"]
[PlyCount "71"]
[EventDate "29.??.??"]
[WhiteTeam "Bischwiller"]
[BlackTeam "Marseille Echecs"]

1. e4 e5 2. Nf3 Nc6 3. Bb5 a6 4. Ba4 Nf6 5. Qe2 b5 6. Bb3 Be7 7. c3 O-O 8. d4
d6 9. Nbd2 Bg4 10. h3 Bh5 11. d5 Na5 12. Bc2 Bg6 13. a4 Nxd5 14. axb5 Nf4 15.
Qf1 axb5 16. g3 Ne6 17. Qxb5 c6 18. Qe2 Nb7 19. Rxa8 Qxa8 20. O-O Nbc5 21. Rd1
Rd8 22. b4 Na4 23. Qe3 c5 24. b5 Qa5 25. c4 Nc3 26. Re1 Nd4 27. Nxd4 cxd4 28.
Qf3 Na2 29. Qa3 Qxa3 30. Bxa3 Ra8 31. b6 Nc3 32. Nb1 Rb8 33. Nxc3 dxc3 34. Rb1
f6 35. b7 Be8 36. Rb3 {suite illisible} 1-0

[Event "Interclubs Adultes"]
[Site "Evry"]
[Date "29.??.??"]
[Round "8.2"]
[White "Sulava, Nenad"]
[Black "Mchedlishvili, Mikheil"]
[Result "1/2-1/2"]
[WhiteElo "2479"]
[BlackElo "2635"]
[PlyCount "80"]
[EventDate "29.??.??"]
[WhiteTeam "Hyères"]
[BlackTeam "Antibes"]

1. d4 Nf6 2. Nf3 d5 3. c4 e6 4. Nc3 Bb4 5. cxd5 exd5 6. Bg5 O-O 7. e3 c5 8.
dxc5 Bxc3+ 9. bxc3 Be6 10. Bb5 h6 11. Bh4 Qa5 12. Bxf6 Qxb5 13. Bd4 Nd7 14. Rb1
Qc6 15. O-O Qc7 16. Qb3 Rab8 17. Qa3 a6 18. Rb4 Rfc8 19. Rfb1 Bf5 20. Rd1 Be6
21. h3 f6 22. Qb3 Qc6 23. Rb1 Rc7 24. Qa4 Qxa4 25. Rxa4 Bf5 26. Rb2 Bd3 27.
Rab4 Nxc5 28. Bxc5 Rxc5 29. Rxb7 Rxb7 30. Rxb7 Rxc3 31. Nd4 Rc1+ 32. Kh2 Ra1
33. Ne6 g5 34. Nc5 Bb5 35. a4 Bxa4 36. Nxa6 Be8 37. Rb8 Rxa6 38. Rxe8+ Kf7 39.
Rd8 Ra2 40. Kg3 Rd2 1/2-1/2

[Event "Interclubs Adultes"]
[Site "Evry"]
[Date "29.05.29"]
[Round "8.4"]
[White "Vincent, Stephane"]
[Black "Santo-Roman, Marc"]
[Result "0-1"]
[WhiteElo "2235"]
[BlackElo "2395"]
[PlyCount "64"]
[EventDate "29.??.??"]
[WhiteTeam "Hyères"]
[BlackTeam "Antibes"]

1. d4 f5 2. Nc3 Nf6 3. Bg5 d5 4. Qd3 e6 5. f3 c5 6. e4 dxe4 7. fxe4 cxd4 8.
O-O-O Nc6 9. Bxf6 gxf6 10. Qh3 Qb6 11. Qh5+ Ke7 12. Nd5+ exd5 13. exd5 Ne5 14.
Nf3 Nxf3 15. gxf3 Bd7 16. Bh3 Kd8 17. Rhe1 Kc7 18. Bxf5 Bxf5 19. Qxf5 Rd8 20.
Re6 Qa5 21. Qxf6 Qxd5 22. Kb1 Bc5 23. Re5 Qd6 24. Qf5 Bb6 25. a4 Kb8 26. Rd3
Rhf8 27. Qe4 Qc6 28. Qh4 Rc8 29. Re2 Rxf3 30. Qxh7 Rf1+ 31. Ka2 Qxa4+ 32. Ra3
Qc4+ 0-1

[Event "Interclubs Adultes"]
[Site "Evry"]
[Date "29.05.29"]
[Round "8.5"]
[White "Miralles, Gilles"]
[Black "Garro, Pierre"]
[Result "1-0"]
[WhiteElo "2490"]
[BlackElo "2173"]
[PlyCount "51"]
[EventDate "29.??.??"]
[WhiteTeam "Antibes"]
[BlackTeam "Hyères"]

1. d4 Nf6 2. c4 e5 3. dxe5 Ng4 4. Bf4 Nc6 5. Nf3 Bb4+ 6. Nc3 Qe7 7. Qd5 f6 8.
exf6 Nxf6 9. Qd3 Ne4 10. Bd2 Nxd2 11. Qxd2 Ne5 12. Nxe5 Qxe5 13. g3 a5 14. Bg2
Ra6 15. O-O h5 16. Qd5 Bxc3 17. bxc3 Qxc3 18. Qc5 Kd8 19. Rab1 b6 20. Qd5 a4
21. Rfd1 Qf6 22. h4 Rf8 23. Bf3 g6 24. Rb5 d6 25. c5 bxc5 26. Qxc5 1-0

[Event "Interclubs Adultes"]
[Site "Evry"]
[Date "29.05.29"]
[Round "8.6"]
[White "Langevin, Philippe"]
[Black "Bijaoui, Manuel"]
[Result "0-1"]
[WhiteElo "2147"]
[BlackElo "2388"]
[PlyCount "52"]
[EventDate "29.??.??"]
[WhiteTeam "Hyères"]
[BlackTeam "Antibes"]

1. e4 c5 2. Nc3 d6 3. Bc4 Nc6 4. d3 g6 5. Nf3 Bg7 6. O-O Nf6 7. Nd5 Nd7 8. c3
e6 9. Ne3 Nf6 10. h3 O-O 11. Bb3 b5 12. a4 b4 13. Bd2 Rb8 14. c4 Nd7 15. Qc1 f5
16. exf5 gxf5 17. Bd1 Qf6 18. Rb1 Bb7 19. Nc2 Kh8 20. Bg5 Qg6 21. Nh4 Qf7 22.
Bh6 Nde5 23. Qg5 Bf6 24. Qf4 Rg8 25. Ne1 Nd4 26. f3 Qe7 0-1

[Event "Interclubs Adultes"]
[Site "Evry"]
[Date "29.05.29"]
[Round "8.8"]
[White "Martinovic, Gordana"]
[Black "Cochet, Caroline"]
[Result "0-1"]
[WhiteElo "1603"]
[BlackElo "2075"]
[PlyCount "64"]
[EventDate "29.??.??"]
[WhiteTeam "Hyères"]
[BlackTeam "Antibes"]

1. d4 d5 2. Nf3 Nf6 3. e3 c5 4. c3 Nc6 5. Bd3 Bg4 6. Nbd2 e6 7. h3 Bh5 8. O-O
cxd4 9. cxd4 Bd6 10. Be2 O-O 11. a3 a5 12. g4 Bg6 13. Nh4 Ne4 14. Nxg6 hxg6 15.
Nxe4 dxe4 16. f3 Qh4 17. f4 Qg3+ 18. Kh1 Qxh3+ 19. Kg1 Qg3+ 20. Kh1 f5 21. Qe1
Qh3+ 22. Kg1 fxg4 23. Qf2 g5 24. Qg2 gxf4 25. Bxg4 Qxg2+ 26. Kxg2 f3+ 27. Kf2
Rf6 28. Rh1 Rg6 29. Bh3 Kf7 30. Bf1 Bg3+ 31. Kg1 Be1+ 32. Kh2 Rh8+ 0-1

[Event "Interclubs Adultes"]
[Site "Evry"]
[Date "29.??.??"]
[Round "8.3"]
[White "Chomet, Pascal"]
[Black "Marcelin, Cyril"]
[Result "0-1"]
[WhiteElo "2333"]
[BlackElo "2510"]
[PlyCount "83"]
[EventDate "29.??.??"]
[WhiteTeam "Bois-Colombes"]
[BlackTeam "Noyon"]

1. e4 c6 2. Nc3 d5 3. Nf3 Bg4 4. h3 Bxf3 5. Qxf3 e6 6. a3 Nd7 7. Qe2 Ne7 8. g3
g6 9. Bg2 Bg7 10. O-O O-O 11. d3 a5 12. f4 b5 13. g4 f5 14. Kh1 Kh8 15. Bd2 Ng8
16. Be1 fxg4 17. hxg4 Qc7 18. Bd2 d4 19. Nd1 g5 20. f5 h6 21. Rf3 exf5 22. Rxf5
Ne7 23. Nf2 Qg3 24. Qf3 Qxf3 25. Bxf3 Ne5 26. Kg2 N7g6 27. Rxf8+ Rxf8 28. Be2
Nh4+ 29. Kf1 a4 30. Bb4 Rf7 31. b3 h5 32. Kg1 Nhf3+ 33. Bxf3 Nxf3+ 34. Kg2 Nh4+
35. Kg1 Be5 36. bxa4 Nf3+ 37. Kg2 Nh4+ 38. Kg1 Bh2+ 39. Kxh2 Rxf2+ 40. Kh3 Rf3+
41. Kh2 hxg4 42. Rg1 0-1

[Event "Interclubs Adultes"]
[Site "Evry"]
[Date "29.??.??"]
[Round "8.4"]
[White "Nguyen, Chi-Minh"]
[Black "Shoker, Samy"]
[Result "1/2-1/2"]
[WhiteElo "2414"]
[BlackElo "2377"]
[PlyCount "51"]
[EventDate "29.??.??"]
[WhiteTeam "Noyon"]
[BlackTeam "Bois-Colombes"]

1. d4 g6 2. c4 Bg7 3. e4 d6 4. Nc3 Nc6 5. Nf3 Bg4 6. Be3 e5 7. d5 Nd4 8. Nb5
Nxb5 9. cxb5 f5 10. h3 Bxf3 11. Qxf3 fxe4 12. Qxe4 Bh6 13. Rc1 Bxe3 14. fxe3
Nh6 15. h4 O-O 16. g4 Qd7 17. Be2 Kg7 18. g5 Nf5 19. Qg4 Rf7 20. Qh3 h5 21.
gxh6+ Nxh6 22. Qxd7 Rxd7 23. Rg1 Nf5 24. Bg4 Rf7 25. Bxf5 Rxf5 26. Rc4 {
suite illisible} 1/2-1/2

[Event "Interclubs Adultes"]
[Site "Evry"]
[Date "29.05.30"]
[Round "8.5"]
[White "Vuilleumier, Alexandre"]
[Black "Housieaux, David"]
[Result "0-1"]
[WhiteElo "2277"]
[BlackElo "2381"]
[PlyCount "152"]
[EventDate "29.??.??"]
[WhiteTeam "Bois-Colombes"]
[BlackTeam "Noyon"]

1. e4 e6 2. d4 d5 3. Nd2 Nf6 4. e5 Nfd7 5. c3 c5 6. Bd3 Nc6 7. Ne2 cxd4 8. cxd4
f6 9. exf6 Nxf6 10. Nf3 Qc7 11. O-O Bd6 12. Bg5 O-O 13. Rc1 h6 14. Bd2 Qb6 15.
Qb3 Qxb3 16. axb3 Bd7 17. Bf4 Bxf4 18. Nxf4 Ne4 19. Ng6 Rxf3 20. gxf3 Nd2 21.
Bb5 Nxf1 22. Kxf1 Be8 23. Bxc6 bxc6 24. Ne5 Rb8 25. Rc3 Rb4 26. Nxc6 Bxc6 27.
Rxc6 Kf7 28. Rc3 Rxd4 29. Rc7+ Kg6 30. Rxa7 Rd3 31. Ra3 Rxf3 32. b4 Rf7 33. Ra6
Kf5 34. Rb6 Rc7 35. Ke2 Rc2+ 36. Ke3 Rxb2 37. Rb7 e5 38. Rf7+ Kg6 39. Rd7 Rb3+
40. Ke2 d4 41. Rb7 e4 42. Rb5 Rb2+ 43. Ke1 Kf6 44. h4 h5 45. Rxh5 Rxb4 46. Rd5
Ke6 47. Rg5 Rb7 48. Kd2 Rd7 49. Ke2 Kf6 50. Kd2 Rd6 51. Ke2 g6 52. Kd2 Rd7 53.
Ke2 Rh7 54. Rg4 Re7 55. Rf4+ Ke5 56. Rg4 Re6 57. Rg5+ Kf4 58. Rd5 d3+ 59. Kd2
Kf3 60. h5 gxh5 61. Rxh5 Kxf2 62. Rf5+ Kg3 63. Ke3 Kg4 64. Rf1 Kg5 65. Rf4 Kg6
66. Rf1 Re7 67. Rf4 Kg5 68. Rf1 Kg4 69. Rf8 Rd7 70. Rg8+ Kh3 71. Rg1 d2 72.
Rh1+ Kg2 73. Rd1 Kg3 74. Ke2 Rd3 75. Rg1+ Kh2 76. Rd1 Kg2 0-1

[Event "Interclubs Adultes"]
[Site "Evry"]
[Date "29.??.??"]
[Round "8.7"]
[White "Pietrasanta, Jeremy"]
[Black "Van Heirzeele, Daniel"]
[Result "1-0"]
[WhiteElo "2280"]
[BlackElo "2224"]
[PlyCount "57"]
[EventDate "29.??.??"]
[WhiteTeam "Bois-Colombes"]
[BlackTeam "Noyon"]

1. e4 c5 2. Nf3 e6 3. d3 Nc6 4. g3 g6 5. Bg2 Bg7 6. O-O Nge7 7. c3 O-O 8. d4 d5
9. exd5 Nxd5 10. dxc5 Qa5 11. b4 Nxc3 12. Nxc3 Qxb4 13. Ne2 Rd8 14. Bd2 Qa3 15.
Rc1 e5 16. Nc3 Bg4 17. Qe1 Rd3 18. Be3 Nd4 19. Bxd4 exd4 20. Nb1 Qxa2 21. Qe4
Bf5 22. Qxb7 Rc8 23. Qe7 Bh6 24. Ng5 Rf8 25. Rce1 Rb3 26. Bd5 Rxg3+ 27. hxg3
Qxd5 28. Re5 Bxg5 29. Qxf8+ 1-0

[Event "Interclubs Adultes"]
[Site "Evry"]
[Date "29.??.??"]
[Round "8.8"]
[White "Assad, Karine"]
[Black "Guichard, Pauline"]
[Result "0-1"]
[WhiteElo "2042"]
[BlackElo "2274"]
[PlyCount "28"]
[EventDate "29.??.??"]
[WhiteTeam "Noyon"]
[BlackTeam "Bois-Colombes"]

1. d4 d5 2. c4 c6 3. Nf3 e6 4. Nc3 dxc4 5. a4 Bb4 6. e3 b5 7. Ne5 Qe7 8. Qg4 g6
9. Bd2 Nd7 10. f4 Ngf6 11. Qd1 Bb7 12. Be2 a6 13. O-O Bxc3 14. bxc3 c5 0-1

[Event "Interclubs Adultes"]
[Site "Evry"]
[Date "30.??.??"]
[Round "9.4"]
[White "Koch, Jean-Rene"]
[Black "Fressinet, Laurent"]
[Result "1/2-1/2"]
[WhiteElo "2453"]
[BlackElo "2656"]
[PlyCount "106"]
[EventDate "30.??.??"]
[WhiteTeam "Metz Fischer"]
[BlackTeam "Clichy"]

1. e4 e5 2. Nf3 Nc6 3. Nc3 Nf6 4. d4 exd4 5. Nxd4 Bb4 6. Nxc6 bxc6 7. Bd3 d5 8.
exd5 O-O 9. O-O cxd5 10. Bg5 c6 11. Ne2 h6 12. Bh4 Bd6 13. Nd4 c5 14. Nf5 Bxf5
15. Bxf5 g5 16. Bg3 Bxg3 17. hxg3 Re8 18. Re1 Qd6 19. c3 Rxe1+ 20. Qxe1 Re8 21.
Qd2 Qe5 22. Bd3 Kg7 23. Rd1 h5 24. f4 gxf4 25. gxf4 Qe6 26. Qf2 Qg4 27. Qf3 c4
28. Qxg4+ hxg4 29. Bf1 Re4 30. g3 Re3 31. Bg2 Re2 32. Bxd5 Nxd5 33. Rxd5 Rxb2
34. Rg5+ Kf6 35. Rxg4 Rc2 36. Rg5 Rxc3 37. Kf2 Ra3 38. Rc5 Rxa2+ 39. Kf3 Ra3+
40. Ke4 Rxg3 41. Rxc4 Ra3 42. Rc6+ Kg7 43. Kf5 Ra5+ 44. Kg4 Ra1 45. Kg5 Rg1+
46. Kf5 Rg6 47. Rc7 a6 48. Ra7 Rc6 49. Kg5 Rc5+ 50. f5 Rc6 51. Ra8 Rd6 52. Ra7
Rb6 53. Ra8 Rc6 1/2-1/2

[Event "Interclubs Adultes"]
[Site "Evry"]
[Date "30.??.??"]
[Round "9.5"]
[White "Pelletier, Yannick"]
[Black "Neiman, Emmanuel"]
[Result "1-0"]
[WhiteElo "2607"]
[BlackElo "2362"]
[PlyCount "79"]
[EventDate "30.??.??"]
[WhiteTeam "Clichy"]
[BlackTeam "Metz Fischer"]

1. d4 d5 2. c4 c6 3. Nf3 Nf6 4. e3 e6 5. Bd3 Nbd7 6. O-O Bd6 7. Nc3 O-O 8. e4
dxe4 9. Nxe4 Nxe4 10. Bxe4 h6 11. Bc2 e5 12. b4 exd4 13. c5 Bc7 14. Qd3 Nf6 15.
Bb2 Qd5 16. Rfe1 Bg4 17. Nxd4 Rad8 18. h3 Bc8 19. Re7 Bb8 20. a3 Rde8 21. Bb3
Qd8 22. Rxe8 Rxe8 23. Rd1 Bc7 24. Qf3 Qe7 25. Nc2 Ne4 26. Re1 Ng5 27. Qc3 Ne6
28. Ne3 Qg5 29. Nf5 Rd8 30. Bxe6 fxe6 31. h4 Qf6 32. Qxf6 gxf6 33. Bxf6 Rd3 34.
Nxh6+ Kh7 35. Nf7 Rxa3 36. Be5 Kg8 37. Nh6+ Kh7 38. Bxc7 Kxh6 39. Rd1 e5 40.
Bxe5 1-0

[Event "Interclubs Adultes"]
[Site "Evry"]
[Date "30.??.??"]
[Round "9.6"]
[White "Taddei, Benoit"]
[Black "Edouard, Romain"]
[Result "0-1"]
[WhiteElo "2297"]
[BlackElo "2509"]
[PlyCount "76"]
[EventDate "30.??.??"]
[WhiteTeam "Metz Fischer"]
[BlackTeam "Clichy"]

1. e4 c5 2. Nf3 Nc6 3. d4 cxd4 4. Nxd4 e5 5. Ne2 Nf6 6. Nbc3 Bc5 7. Ng3 d6 8.
Be2 a6 9. O-O h6 10. Kh1 Nd4 11. Be3 Be6 12. f4 b5 13. Nd5 Bxd5 14. exd5 Nxd5
15. Bxd4 exd4 16. Bf3 Ne3 17. Re1 O-O 18. Qd3 Rc8 19. c3 Ba7 20. Rac1 dxc3 21.
Rxc3 Rxc3 22. Qxc3 d5 23. Qc6 Qa5 24. Qc1 d4 25. Be4 Qxa2 26. Nf5 Qe6 27. Bd3
Re8 28. Qc7 Nd5 29. Rxe6 Nxc7 30. Rxe8+ Nxe8 31. Ne7+ Kf8 32. Nd5 Nd6 33. Nc7
Nc4 34. Nxa6 Nxb2 35. Bxb5 d3 36. Nb4 d2 37. Be2 d1=Q+ 38. Bxd1 Nxd1 0-1

[Event "Interclubs Adultes"]
[Site "Evry"]
[Date "30.??.??"]
[Round "9.7"]
[White "Apicella, Manuel"]
[Black "Hisler, Thomas"]
[Result "1-0"]
[WhiteElo "2532"]
[BlackElo "2259"]
[PlyCount "105"]
[EventDate "30.??.??"]
[WhiteTeam "Clichy"]
[BlackTeam "Metz Fischer"]

1. e4 e5 2. Nf3 Nc6 3. Bb5 Nf6 4. O-O Bc5 5. c3 O-O 6. d4 Bb6 7. Re1 d6 8. h3
Ne7 9. Nbd2 c6 10. Bf1 Ng6 11. a4 a5 12. b3 Re8 13. Qc2 Bc7 14. dxe5 dxe5 15.
Nc4 Nd7 16. Bg5 f6 17. Bc1 Qe7 18. Ba3 Nc5 19. b4 axb4 20. cxb4 Ne6 21. b5 c5
22. b6 Bb8 23. Ne3 Bd7 24. Bc4 Rc8 25. Bd5 Ngf4 26. Bb3 Kh8 27. Nd5 Qe8 28. Qc3
Bxa4 29. Bc1 Bd6 30. Bxf4 Nxf4 31. Nxf4 Bxb3 32. Rxa8 Rxa8 33. Qxb3 exf4 34.
Qd5 Qd8 35. Rd1 Be7 36. Qb3 Qe8 37. Qe6 Bf8 38. Qd5 Rb8 39. e5 Qc6 40. Qxc6
bxc6 41. e6 Kg8 42. Rd7 Rxb6 43. e7 Rb1+ 44. Kh2 Bxe7 45. Rxe7 Rf1 46. Re2 Kf7
47. h4 Kg6 48. Rc2 h5 49. Ng1 Kh6 50. Nh3 g5 51. Rxc5 f3 52. gxf3 g4 53. Kg2
1-0

[Event "Interclubs Adultes"]
[Site "Evry"]
[Date "30.??.??"]
[Round "9.8"]
[White "Leclair, Marie"]
[Black "Skripchenko, Almira"]
[Result "0-1"]
[WhiteElo "1974"]
[BlackElo "2443"]
[PlyCount "78"]
[EventDate "30.??.??"]
[WhiteTeam "Metz Fischer"]
[BlackTeam "Clichy"]

1. e4 g6 2. d4 Bg7 3. Nc3 d6 4. f4 a6 5. Nf3 b5 6. a3 Bb7 7. Be3 Nd7 8. Be2 c5
9. e5 cxd4 10. Bxd4 dxe5 11. fxe5 e6 12. O-O Nh6 13. Qd3 O-O 14. Ne4 Ng4 15.
Nc5 Bxf3 16. Bxf3 Ndxe5 17. Bxe5 Nxe5 18. Qxd8 Nxf3+ 19. Rxf3 Rfxd8 20. c3 Rd5
21. Ne4 f5 22. Ng3 e5 23. Rf2 Rad8 24. Re1 Bf8 25. Rfe2 Bc5+ 26. Kf1 e4 27. Rc1
h5 28. Ke1 Kg7 29. Nf1 Rd3 30. Ra1 Kf6 31. a4 bxa4 32. Nd2 a3 33. b4 Bg1 34.
Rxa3 e3 35. Rxa6+ Kg7 36. Ra7+ Kh6 37. Ra2 Rxc3 38. Ra1 exd2+ 39. Rxd2 Re8+ 0-1

[Event "Interclubs Adultes"]
[Site "Evry"]
[Date "30.05.30"]
[Round "9.1"]
[White "Van Wely, Loek"]
[Black "Gurevich, Mikhail"]
[Result "1/2-1/2"]
[WhiteElo "2676"]
[BlackElo "2611"]
[PlyCount "51"]
[EventDate "30.??.??"]
[WhiteTeam "Montpellier"]
[BlackTeam "Gonfreville l'Orcher"]

1. d4 d5 2. c4 c6 3. Nf3 Nf6 4. Nc3 e6 5. Bg5 Be7 6. e3 Nbd7 7. cxd5 Nxd5 8.
Bxe7 Qxe7 9. Bd3 N5f6 10. Ne5 O-O 11. O-O c5 12. Qf3 Rd8 13. Rfd1 cxd4 14. exd4
Nb6 15. Rac1 Rb8 16. Ne4 Bd7 17. Nxf6+ Qxf6 18. Qe4 g6 19. Rc7 Be8 20. Ng4 Qxd4
21. Qf3 Kg7 22. Bf1 Qxb2 23. Rb1 Qd4 24. Re1 Qb2 25. Rb1 Qd4 26. Rd1 1/2-1/2

[Event "Interclubs Adultes"]
[Site "Evry"]
[Date "30.??.??"]
[Round "9.4"]
[White "Degraeve, Jean-Marc"]
[Black "Prie, Eric"]
[Result "0-1"]
[WhiteElo "2556"]
[BlackElo "2520"]
[PlyCount "101"]
[EventDate "30.??.??"]
[WhiteTeam "Gonfreville l'Orcher"]
[BlackTeam "Montpellier"]

1. e4 d5 2. exd5 Qxd5 3. Nc3 Qa5 4. d4 Nf6 5. Nf3 c6 6. Bc4 Bf5 7. Bd2 e6 8.
Nd5 Qd8 9. Nxf6+ gxf6 10. Bb3 Nd7 11. Qe2 Qc7 12. O-O-O O-O-O 13. g3 Kb8 14.
Nh4 Bg6 15. Kb1 Rc8 16. Ng2 Nb6 17. h4 h6 18. Nf4 Bf5 19. g4 Bh7 20. Nh5 Nd7
21. Rh3 Ka8 22. Bc4 Bd6 23. Bd3 Bxd3 24. Rxd3 Qd8 25. Qf3 Be7 26. Ng3 Qg8 27.
Qe2 Qh7 28. h5 Rhg8 29. Nf5 Bf8 30. Ne3 Nb6 31. Ka1 Nd5 32. Qf3 Qg7 33. c4 Nxe3
34. Bxe3 Qxg4 35. Qxf6 Qxh5 36. d5 cxd5 37. cxd5 exd5 38. Qd4 Bc5 39. Qxd5 Qxd5
40. Rxd5 Bxe3 41. fxe3 a6 42. a3 Rce8 43. Rd7 Rxe3 44. R1d2 Rf3 45. Re7 Rc8 46.
Rdd7 Rb3 47. Ka2 Rb5 48. a4 Rb4 49. Ka3 a5 50. Re3 Rc1 51. b3 {illisible} 0-1